Top 10 Weirdest Ice Cream Flavours - Statistics

General Stats
  • This quiz has been taken 11 times
  • The average score is 2 of 10
Answer Stats
Origin Flavour % Correct
Philippines Cheese Ice Cream
63%
UK Fish and Chips Ice Cream
63%
USA Honey Jalapeño Pickle Ice Cream
25%
USA Pizza Ice Cream
25%
Japan Squid Ink Ice Cream
25%
USA Curry Ice Cream
13%
USA Lobster Ice Cream
13%
Canada Smoked Salmon Ice Cream
13%
USA Goat cheese beet swirl Ice Cream
0%
USA Oyster Ice Cream
0%
No matching quizzes found
Score Distribution
Percent of People with Each Score
Percentile by Number Answered
Your Score History
You have not taken this quiz